| 000 | 00419 a2200133 4500 | ||
|---|---|---|---|
| 001 | 87779 | ||
| 082 | _aPR 156 | ||
| 090 |
_c41238 _d41238 |
||
| 100 | _aUmair Ali, Sub Lt 7300 70 EC | ||
| 245 | _aExploration of use of thermal image camera for composite structure sub surface delamination detection | ||
| 260 |
_aRislapur _bNUST Risalpur _c2011 |
||
| 300 |
_av, 51p. _eAhmad Aizaz, Gp Capt |
||
| 500 | _aBE Project Reports | ||
| 942 |
_aCAE NUST _kPR 156 |
||
| 999 |
_c322852 _d322852 |
||